<?xml version="1.0" encoding="UTF-8"?>
<record
    xmlns:xsi="http://www.w3.org/2001/XMLSchema-instance"
    xsi:schemaLocation="http://www.loc.gov/MARC21/slim http://www.loc.gov/standards/marcxml/schema/MARC21slim.xsd"
    xmlns="http://www.loc.gov/MARC21/slim">

  <leader>01442    a2200229   4500</leader>
  <controlfield tag="003">Nust</controlfield>
  <controlfield tag="005">20221027182553.0</controlfield>
  <datafield tag="010" ind1=" " ind2=" ">
    <subfield code="a">   85006940</subfield>
  </datafield>
  <datafield tag="020" ind1=" " ind2=" ">
    <subfield code="a">0827325320 (pbk.)</subfield>
  </datafield>
  <datafield tag="040" ind1=" " ind2=" ">
    <subfield code="c">Nust</subfield>
  </datafield>
  <datafield tag="082" ind1="0" ind2="0">
    <subfield code="a">621.31,KUB</subfield>
  </datafield>
  <datafield tag="100" ind1="1" ind2=" ">
    <subfield code="a">Kubala, Thomas S.</subfield>
  </datafield>
  <datafield tag="245" ind1="1" ind2="0">
    <subfield code="a">Electricity 2 :</subfield>
    <subfield code="b">devices, circuits, and materials /</subfield>
    <subfield code="c">Thomas S. Kubala.</subfield>
  </datafield>
  <datafield tag="250" ind1=" " ind2=" ">
    <subfield code="a">4th ed.</subfield>
  </datafield>
  <datafield tag="260" ind1=" " ind2=" ">
    <subfield code="a">Albany, N.Y. :</subfield>
    <subfield code="b">Delmar Publishers,</subfield>
    <subfield code="c">c1986.</subfield>
  </datafield>
  <datafield tag="300" ind1=" " ind2=" ">
    <subfield code="a">ix, 126 p. :</subfield>
    <subfield code="b">ill. ;</subfield>
    <subfield code="c">26 cm.</subfield>
  </datafield>
  <datafield tag="505" ind1=" " ind2=" ">
    <subfield code="a">Alternating Current Principles (Page-1), Inductance and Inductive Reactance (Page-9), Capacitance and Capacitive Reactance (Page-15), Series Circuit Resistance and Inductance (Page-23), Series Circuits Resistance and Capacitance (Page-29), Series Circuits Resistance Inductance and  Capacitance (Page-35), Ac Parallel Circuits Containing Inductance (Page-43), Ac Parallel Circuits Containing Inductance and Capacitance (Page-49), Ac Power Power Factor and Power Factor Correction (Page-57), Summary Review of Units (Page-69), Single Phase Three Wire Service Entrance (Page-75), Installation of a Single Phase Three Wire Service Entrance for an Apartment Building (Page-85), Introduction to Fluorescent Lighting (Page-101), Introduction of Fluorescent Lighting (Page-107), Summary Review of Units (Page-117).</subfield>
  </datafield>
  <datafield tag="650" ind1=" " ind2="0">
    <subfield code="a">Electric circuits</subfield>
    <subfield code="x">Alternating current.</subfield>
    <subfield code="9">101583</subfield>
  </datafield>
  <datafield tag="650" ind1=" " ind2="0">
    <subfield code="a">Electricity</subfield>
    <subfield code="9">39895</subfield>
  </datafield>
  <datafield tag="740" ind1="0" ind2=" ">
    <subfield code="a">Electricity two.</subfield>
  </datafield>
  <datafield tag="942" ind1=" " ind2=" ">
    <subfield code="2">ddc</subfield>
    <subfield code="c">BK</subfield>
  </datafield>
  <datafield tag="999" ind1=" " ind2=" ">
    <subfield code="c">180518</subfield>
    <subfield code="d">180518</subfield>
  </datafield>
  <datafield tag="952" ind1=" " ind2=" ">
    <subfield code="0">0</subfield>
    <subfield code="1">0</subfield>
    <subfield code="2">ddc</subfield>
    <subfield code="4">0</subfield>
    <subfield code="7">0</subfield>
    <subfield code="a">MCS</subfield>
    <subfield code="b">MCS</subfield>
    <subfield code="c">GEN</subfield>
    <subfield code="d">2016-12-12</subfield>
    <subfield code="o">621.31,KUB</subfield>
    <subfield code="p">MCS20809</subfield>
    <subfield code="r">2016-12-08</subfield>
    <subfield code="w">2016-12-12</subfield>
    <subfield code="y">BK</subfield>
    <subfield code="z">Almirah No.28, Shelf No.6</subfield>
  </datafield>
</record>
